Introducción a la teoría electrónica de los metales / (Record no. 125913)

MARC details
000 -LEADER
campo de control de longitud fija 00513nam a2200157 4500
001 - NÚMERO DE CONTROL
campo de control 125913
003 - IDENTIFICADOR DE NÚMERO DE CONTROL
campo de control ES-MaACL
007 - CAMPO FIJO DE DESCRIPCIÓN FÍSICA--INFORMACIÓN GENERAL
campo de control de longitud fija t|
008 - DATOS DE LONGITUD FIJA--INFORMACIÓN GENERAL
campo de control de longitud fija 070214q1956 sp r ||||1| spa d
100 1# - ENTRADA PRINCIPAL--NOMBRE DE PERSONA
Nombre de persona Raynor, G. V.
9 (RLIN) 95652
245 10 - MENCIÓN DEL TÍTULO
Título Introducción a la teoría electrónica de los metales /
Mención de responsabilidad, etc. G. V. Raynor ; versión de Rafael Durán González.
260 ## - PUBLICACIÓN, DISTRIBUCIÓN, ETC.
Lugar de publicación, distribución, etc. Madrid :
Nombre del editor, distribuidor, etc. Tecnos,
Fecha de publicación, distribución, etc. [1956?]
300 ## - DESCRIPCIÓN FÍSICA
Extensión XII, 115 p. :
Otras características físicas il. ;
Dimensiones 22 cm.
700 1# - ENTRADA AGREGADA--NOMBRE PERSONAL
Nombre de persona Durán González, Rafael.
9 (RLIN) 46217
852 ## - LOCALIZACIÓN
Ubicación ES-MaACL
Número de control de estantería E-7398
Sublocalización o colección R.91736
Holdings
Estatus retirado Estado de pérdida Estado de daño No para préstamo Biblioteca de origen Biblioteca actual Ubicación en estantería Fecha de adquisición Fuente de adquisición Total de préstamos Signatura topográfica completa Código de barras Visto por última vez Precio de reemplazo Tipo de ítem Koha
        Biblioteca del Ateneo de Madrid Biblioteca del Ateneo de Madrid Depósito 2 17/01/2008     E-7398 1131159 23/02/2023 23/02/2023 Libro impreso